| 000 | 00543nam a2200181Ia 4500 | ||
|---|---|---|---|
| 999 |
_c3555 _d3555 |
||
| 003 | OSt | ||
| 005 | 20201204151721.0 | ||
| 008 | 190216s9999||||xx |||||||||||||| ||und|| | ||
| 020 | _a9788120340695 | ||
| 040 | _coclc | ||
| 082 |
_a530.12 _bARU/Q |
||
| 100 |
_aAruldhas, G _94106 |
||
| 245 | 0 |
_aQuantum Mechanics 500 Problems With Solutions / _cG Aruldhas |
|
| 260 |
_bPhi Learning Private Limited, _c2012, _aNew Delhi: |
||
| 300 | _a363p | ||
| 650 | _aQuantum Mechanics | ||
| 942 |
_cBK _2ddc _h530.12 _iARU/Q _k530.12 _mARU/Q |
||